000 00867nam a22002417a 4500
999 _c162120
_d162120
005 20190816102858.0
010 _a1819CHEN B-718251-271
020 _c175.00
_a9789387103092
035 _aB-718251-271
035 _aB-728592
037 _bPansy Books
082 _aS
100 _aYashodhara Lal
245 _aPeanut vs the piano /
_cby Yashodhara Lal ; illustrated by Shreya Sen
260 _bDuckbill Books
_aChennai
_c2018
270 _bChennai
_aF2 Oyster Operaa, 35/36 Gangai Street, Kalakshetra Colony
_e600090
300 _a65p.:
_c20cm(pbk)
_bill.
500 _aAirport
700 _aSen, Shreya
942 _2ddc
_cCH
_mYAS
_hS